000 00399nam a2200169Ia 4500
008 210210b1955 xxu||||| |||| 00| 0 eng d
041 _aeng
082 _a821/184
100 _aCROSSLAND (J R) Ed
245 _aAnthology of poetry
260 _a
_bCollins Clear Type Press
_c1955
650 _apoetry
650 _aof
650 _aAnthology
690 _aEnglish Literature
906 _a011353
999 _c130028
_d130028